000 00930nam a2200229 i 4500
001 81924
003 ES-MaACL
005 20250811072550.0
007 t|
008 041108s1949 sp ||||1| spa d
245 0 0 _aIndice de disposiciones legales sobre accidentes del trabajo y materias conexas /
_cMinisterio de Trabajo, Servicio de Reaseguro de Accidente del Trabajo.
260 _aMadrid :
_b[s.n.],
_c1949 (
_fFlago)
300 _a318 p. ;
_c24 cm.
510 _aCCPB,
_c001339006-6
650 4 _aDerecho laboral-
_zEspaña
_911726
710 1 _aEspaña.
_bMinisterio de Trabajo
_93924
852 _aES-MaACL
_jD-6602
_bR.29274
_bR.M.6191
_984950
_cSVI
_fSello en tinta azul de la Biblioteca del Ateneo de Madrid
942 _2udc
_cMONOGRAFIA
999 _c81924
_d81924